<?xml version="1.0" encoding="UTF-8"?>
<record
    xmlns:xsi="http://www.w3.org/2001/XMLSchema-instance"
    xsi:schemaLocation="http://www.loc.gov/MARC21/slim http://www.loc.gov/standards/marcxml/schema/MARC21slim.xsd"
    xmlns="http://www.loc.gov/MARC21/slim">

  <leader>01179nam a2200205   4500</leader>
  <controlfield tag="005">20260216155531.0</controlfield>
  <controlfield tag="008">260209b        |||||||| |||| 00| 0 eng d</controlfield>
  <datafield tag="020" ind1=" " ind2=" ">
    <subfield code="a">9781475806021</subfield>
  </datafield>
  <datafield tag="041" ind1=" " ind2=" ">
    <subfield code="a">English</subfield>
  </datafield>
  <datafield tag="082" ind1=" " ind2=" ">
    <subfield code="b">MCL</subfield>
    <subfield code="a">378.1</subfield>
  </datafield>
  <datafield tag="100" ind1=" " ind2=" ">
    <subfield code="a">McLachlan Joan E.</subfield>
    <subfield code="9">216686</subfield>
  </datafield>
  <datafield tag="245" ind1=" " ind2=" ">
    <subfield code="a">Internships for Today's World: A Practical Guide for High Schools and Community Colleges</subfield>
  </datafield>
  <datafield tag="260" ind1=" " ind2=" ">
    <subfield code="a">New York</subfield>
    <subfield code="b">Rowman &amp; Littlefield</subfield>
    <subfield code="c">2014</subfield>
  </datafield>
  <datafield tag="300" ind1=" " ind2=" ">
    <subfield code="a">136</subfield>
  </datafield>
  <datafield tag="365" ind1=" " ind2=" ">
    <subfield code="b">2749.73</subfield>
    <subfield code="c">Rs.00</subfield>
  </datafield>
  <datafield tag="520" ind1=" " ind2=" ">
    <subfield code="a">1.	Key Elements Of A Quality Internship Program: Getting It Right From The Start
2.	Internship Site Development: Internships Don't Just Happen
3.	Placing Students In Internships: One Size Does Not Fit All
4.	Monitoring Students In Internships: Providing A Guiding Hand
5.	Supporting Sponsors In Internships: Building A Strong Partnership
6.	Seminars For Reflective Learning: Making Sense Of It All
7.	Evaluating Internship Learning: Putting It All Together
8.	The Predictable Stages Of Internships: No Surprises
9.	The Power Of Internships: Real Schools, Real Stories

</subfield>
  </datafield>
  <datafield tag="650" ind1=" " ind2=" ">
    <subfield code="a">Higher education Activities</subfield>
    <subfield code="9">216741</subfield>
  </datafield>
  <datafield tag="700" ind1=" " ind2=" ">
    <subfield code="a">Hess Patricia F.</subfield>
    <subfield code="9">216687</subfield>
  </datafield>
  <datafield tag="942" ind1=" " ind2=" ">
    <subfield code="c">BK</subfield>
  </datafield>
  <datafield tag="999" ind1=" " ind2=" ">
    <subfield code="c">370382</subfield>
    <subfield code="d">370382</subfield>
  </datafield>
  <datafield tag="952" ind1=" " ind2=" ">
    <subfield code="0">0</subfield>
    <subfield code="1">0</subfield>
    <subfield code="2">ddc</subfield>
    <subfield code="4">0</subfield>
    <subfield code="7">0</subfield>
    <subfield code="a">SOFT</subfield>
    <subfield code="b">SOFT</subfield>
    <subfield code="d">2026-02-07</subfield>
    <subfield code="e">Design Book Studio</subfield>
    <subfield code="g">2749.73</subfield>
    <subfield code="i">306</subfield>
    <subfield code="l">0</subfield>
    <subfield code="o">378.1 MCL</subfield>
    <subfield code="p">SOFT-BK-4977</subfield>
    <subfield code="r">2026-02-09 13:51:00</subfield>
    <subfield code="t">25%</subfield>
    <subfield code="v">3666.30</subfield>
    <subfield code="w">2026-01-06</subfield>
    <subfield code="y">BK</subfield>
  </datafield>
</record>
